[Event "ch-UZB"]
[Site "Tashkent UZB"]
[Date "2009.06.08"]
[Round "10"]
[White "Faizulaev,A"]
[Black "Khamrakulov,D"]
[Result "0-1"]
[WhiteElo "2275"]
[BlackElo "2524"]

1.Nf3 c5 2.e4 d6 3.d4 cxd4 4.Nxd4 Nf6 5.Nc3 a6 6.Be3 e5 7.Nb3 Be6 8.f3 Nbd7
9.g4 b5 10.g5 Nh5 11.Qd2 Be7 12.O-O-O O-O 13.Nd5 Bxd5 14.exd5 f5 15.gxf6 Rxf6
16.Na5 Nf4 17.Nc6 Qf8 18.Kb1 Bd8 19.c4 bxc4 20.Bxc4 Bb6 21.Bxb6 Nxb6 22.Bb3 Ng6
23.Bc2 Rxf3 24.Qb4 Nd7 25.Bxg6 hxg6 26.Rhg1 Nc5 27.Rxg6 Qf5+ 28.Ka1 Re8 29.Rgg1 Qf6
30.Qg4 e4 31.Qh5 Rf8 32.Rg6 Qf7 33.Qh4 Rf1 34.Rg1 Rxd1+ 35.Rxd1 Qf6 36.Qg4 Nd3
37.Rb1 Re8 38.Qd7 Qf7 39.Qxd6 e3 40.Nd4 e2 41.Nxe2 Rxe2 42.Qxa6 Qf5 43.a3 Rxh2
44.d6 Kh7 45.Qc6 Qe5 46.Qb6 Rh6 47.Qb3 Qxd6 48.Rd1 Rh3 49.Qc4 Qf6 50.Qc2 Qg6
51.Kb1 Ne5 52.Qxg6+ Kxg6 53.a4 Kf5 54.a5 g5 55.Ka2 g4 56.b4 Nc6 57.Rb1 g3
58.a6 Nxb4+ 59.Rxb4 Rh6 60.Ra4 g2 61.a7 g1=Q 62.Ra5+ Kf4 63.Ra4+ Ke5 64.a8=Q Rh2+
65.Ka3 Qe3+  0-1

[Event "FSGM June"]
[Site "Budapest HUN"]
[Date "2009.06.12"]
[Round "6"]
[White "Szabo,Krisz1"]
[Black "Kislik,E"]
[Result "1-0"]
[WhiteElo "2518"]
[BlackElo "2314"]

1.e4 c5 2.Nf3 d6 3.d4 cxd4 4.Nxd4 Nf6 5.Nc3 a6 6.Be3 e6 7.f3 b5 8.Qd2 Nbd7
9.g4 h6 10.O-O-O b4 11.Nce2 Qc7 12.h4 d5 13.Bf4 e5 14.Bh2 dxe4 15.g5 exf3
16.Nxf3 Ng4 17.g6 f6 18.Ned4 Qb6 19.Bc4 exd4 20.Rhe1+ Kd8 21.Nxd4 Nge5 22.Ne6+ Ke8
23.Qd5 Ra7 24.Bg1 Qb7 25.Bxa7 Qxa7 26.Nf4 Kd8 27.Ne6+ Ke8 28.Nxg7+ Bxg7 29.Qf7+ Kd8
30.Qxg7 Re8 31.Qxf6+ Kc7 32.Qd6+  1-0

[Event "TCh-BUL"]
[Site "Sunny Beach BUL"]
[Date "2009.06.12"]
[Round "5"]
[White "Nikolov,Sas"]
[Black "Kolev,At1"]
[Result "1-0"]
[WhiteElo "2394"]
[BlackElo "2573"]

1.e4 c5 2.Nf3 d6 3.d4 cxd4 4.Nxd4 Nf6 5.Nc3 a6 6.Be3 e5 7.Nb3 Be6 8.Qd2 Nbd7
9.f3 Be7 10.O-O-O O-O 11.g4 b5 12.g5 b4 13.Ne2 Ne8 14.f4 a5 15.f5 a4 16.Nbd4 exd4
17.Nxd4 b3 18.Kb1 bxc2+ 19.Nxc2 Bxa2+ 20.Kxa2 Ne5 21.Nb4 Qb8 22.f6 Bd8 23.fxg7 Nxg7
24.Qxd6 Bc7 25.Qc5 Ne6 26.Qb5 Qxb5 27.Bxb5 Rfb8 28.Bc6 Ra5 29.Bd2 Rxb4 30.Bxb4 Nxc6
31.Bxa5 Bxa5 32.Rd6 Ne5 33.Ra6 Bd2 34.Rd1 Be3 35.h4 Kg7 36.Rxa4 Bf2 37.Rd5 Nc6
38.h5 Be3 39.Rc4 Ne7 40.b4 Nxd5 41.exd5 Nxg5 42.b5 f5 43.Ra4 Nf7 44.Kb3 f4
45.h6+ Kf6 46.b6 f3 47.b7 Ba7  1-0

[Event "FSIMA June"]
[Site "Budapest HUN"]
[Date "2009.06.13"]
[Round "8"]
[White "Bacso,G"]
[Black "Boguszlavszkij,J"]
[Result "1/2-1/2"]
[WhiteElo "2171"]
[BlackElo "2261"]

1.e4 c5 2.Nf3 d6 3.d4 cxd4 4.Nxd4 Nf6 5.Nc3 a6 6.Be3 e5 7.Nb3 Be6 8.f3 Be7
9.Qd2 Nbd7 10.O-O-O O-O 11.g4 b5 12.g5 b4 13.Ne2 Ne8 14.f4 a5 15.f5 a4 16.fxe6 axb3
17.exf7+ Rxf7 18.cxb3 Rxa2 19.Ng3 Rxf1 20.Rdxf1 Ra1+ 21.Kc2 Qc8+ 22.Kd3 Qa6+
23.Kc2 Qc8+  1/2-1/2

[Event "FSGM June"]
[Site "Budapest HUN"]
[Date "2009.06.14"]
[Round "8"]
[White "Szabo,Krisz1"]
[Black "Nguyen Huynh Minh Huy"]
[Result "1/2-1/2"]
[WhiteElo "2518"]
[BlackElo "2484"]

1.e4 c5 2.Nf3 d6 3.d4 cxd4 4.Nxd4 Nf6 5.Nc3 a6 6.Be3 e5 7.Nf3 Be7 8.Bc4 O-O
9.O-O Be6 10.Bb3 Qc7 11.Qe2 Rc8 12.h3 Nbd7 13.Rad1  1/2-1/2

[Event "FSIMA June"]
[Site "Budapest HUN"]
[Date "2009.06.14"]
[Round "9"]
[White "Halvax,G"]
[Black "Bacso,G"]
[Result "1-0"]
[WhiteElo "2231"]
[BlackElo "2171"]

1.e4 c5 2.Nf3 d6 3.d4 cxd4 4.Nxd4 Nf6 5.Nc3 a6 6.Be3 e5 7.Nb3 Be7 8.Qd2 Be6
9.O-O-O Nbd7 10.f4 Qc7 11.f5 Bc4 12.Kb1 Bxf1 13.Rhxf1 h6 14.Rg1 Nb6 15.Bxb6 Qxb6
16.g4 Qc6 17.Na5 Qc7 18.Nb3 Qc6 19.Qd3 b5 20.a3 Nd7 21.Nd5 Nc5 22.Nxc5 dxc5
23.Qg3 f6 24.h4 Rf8 25.g5 hxg5 26.hxg5 Rf7 27.Qh2 O-O-O 28.g6  1-0

[Event "13th FIDE Open"]
[Site "Voronezh RUS"]
[Date "2009.06.14"]
[Round "3"]
[White "Petrova,O"]
[Black "Ajrapetian,N"]
[Result "1-0"]
[WhiteElo "2285"]
[BlackElo "2081"]

1.e4 c5 2.Nf3 d6 3.d4 cxd4 4.Nxd4 Nf6 5.Nc3 a6 6.Be3 e6 7.Bd3 Be7 8.O-O Nc6
9.f4 Qc7 10.Qf3 O-O 11.Kh1 Bd7 12.Rae1 Rac8 13.Qg3 Nh5 14.Qf3 Nf6 15.Nb3 Nb4
16.g4 Nxd3 17.cxd3 Bc6 18.g5 Nd7 19.Qh5 f5 20.Nd4 Nc5 21.Rf3 g6 22.Qh4 e5
23.Nxc6 Qxc6 24.Nd5 Bd8 25.Rc1 Qd7 26.Bxc5 fxe4 27.dxe4 Rxc5 28.Rcf1 Qg7
29.Qg4 Rc6 30.f5 gxf5 31.Rxf5 Re8 32.Qh5 Qg6 33.Qf3 Rc4 34.h4 b5 35.h5 Qg7
36.h6  1-0

[Event "13th Open"]
[Site "Voronezh RUS"]
[Date "2009.06.14"]
[Round "3"]
[White "Safarli,E"]
[Black "Zakhartsov,Vi"]
[Result "1/2-1/2"]
[WhiteElo "2599"]
[BlackElo "2550"]

1.e4 c5 2.Nf3 d6 3.d4 cxd4 4.Nxd4 Nf6 5.Nc3 a6 6.Be3 e5 7.Nf3 Be7 8.Bc4 O-O
9.O-O Nc6 10.Bb3 Na5 11.Qe2 h6 12.Rfd1 Nxb3 13.axb3 Qe8 14.Ne1 b5 15.Nd3 Bb7
16.f3 a5 17.b4 a4 18.Nf2 d5 19.exd5 Bxb4 20.Nfe4 Nxe4 21.Nxe4 f5 22.Nc5 Bxc5
23.Bxc5 Rf7 24.Ra3 Rd8 25.Re3 Rxd5 26.Rxd5 Bxd5 27.Rxe5 Qc6 28.Qe3 Kh7 29.c3 Rf6
30.Bd4 Re6 31.Qf4 Rxe5 32.Qxe5 Qd7 33.Kf2 Bc4 34.h4 Qf7 35.h5 Qd7 36.Kg3 Qf7
37.Kf4 Qd7 38.Qxf5+ Qxf5+ 39.Kxf5 Bf1  1/2-1/2

[Event "FSIMA June"]
[Site "Budapest HUN"]
[Date "2009.06.15"]
[Round "10"]
[White "Halvax,G"]
[Black "Platzgummer,F"]
[Result "1/2-1/2"]
[WhiteElo "2231"]
[BlackElo "2285"]

1.e4 c5 2.Nf3 d6 3.d4 cxd4 4.Nxd4 Nf6 5.Nc3 a6 6.Be3 e5 7.Nb3 Be6 8.f3 Be7
9.Qd2 O-O 10.O-O-O Nbd7 11.g4 b5 12.g5 b4 13.Ne2 Ne8 14.f4 a5 15.f5 a4 16.fxe6 axb3
17.exf7+ Rxf7 18.cxb3 Rxa2 19.Ng3 Rxf1 20.Rhxf1 Ra1+ 21.Kc2 Qc8+ 22.Kd3 Qa6+
23.Kc2 Qc8+ 24.Kd3 Qa6+ 25.Kc2 Qc6+ 26.Kd3  1/2-1/2

[Event "zt 3.4"]
[Site "Tashkent UZB"]
[Date "2009.06.17"]
[Round "1"]
[White "Djuraev,S"]
[Black "Amonatov,F"]
[Result "0-1"]
[WhiteElo "2391"]
[BlackElo "2648"]

1.e4 c5 2.Nf3 d6 3.d4 cxd4 4.Nxd4 Nf6 5.Nc3 a6 6.Be3 e5 7.Nb3 Be6 8.f3 Nbd7
9.Qd2 b5 10.O-O-O Nb6 11.Kb1 Be7 12.g4 O-O 13.g5 Nh5 14.Nd5 Nxd5 15.exd5 Bd7
16.Rg1 a5 17.Nc5 b4 18.Ne4 g6 19.f4 exf4 20.Bxf4 Bf5 21.Bd3 Re8 22.Ng3 Nxg3
23.hxg3 Bxd3 24.cxd3 f6 25.gxf6 Bxf6 26.Rde1 Qd7 27.Rxe8+ Rxe8 28.Re1 Rxe1+
29.Qxe1 g5 30.Bd2 Qf5 31.Qe8+ Kg7 32.Qb5 Qe5 33.Bc1 Qxg3 34.Qd7+ Kh6 35.Qf5 Qe5
36.Qf3 Kg6  0-1

[Event "Municipality Cup"]
[Site "Tbilisi GEO"]
[Date "2009.06.17"]
[Round "3"]
[White "Chkhaidze,Ni"]
[Black "Maghalashvili,Da"]
[Result "0-1"]
[WhiteElo "2228"]
[BlackElo "2490"]

1.e4 c5 2.Nf3 d6 3.d4 cxd4 4.Nxd4 Nf6 5.Nc3 a6 6.Be3 e5 7.Nb3 Be6 8.Qd2 Be7
9.h3 O-O 10.O-O-O b5 11.g4 Nbd7 12.g5 b4 13.Ne2 Ne8 14.f4 a5 15.f5 a4 16.Nbd4 exd4
17.Nxd4 b3 18.cxb3 axb3 19.axb3 Nc5 20.fxe6 Nxe4 21.Qg2 d5 22.exf7+ Rxf7
23.g6 hxg6 24.Qxg6 Qc8+ 25.Qc6 Bg5 26.Bxg5 Rc7 27.Bb5 Rxc6+ 28.Bxc6 Ra1+
29.Kc2 Rxd1 30.Rxd1 Nxg5 31.b4 Nc7 32.Kb1  0-1

[Event "13th Master Open"]
[Site "Voronezh RUS"]
[Date "2009.06.18"]
[Round "7"]
[White "Safarli,E"]
[Black "Ibrayev,N"]
[Result "1/2-1/2"]
[WhiteElo "2599"]
[BlackElo "2406"]

1.e4 c5 2.Nf3 d6 3.d4 cxd4 4.Nxd4 Nf6 5.Nc3 a6 6.Be3 e6 7.g4 h6 8.Bg2 Qc7
9.h3 Nc6 10.O-O g5 11.Nxc6 bxc6 12.e5 dxe5 13.Qf3 Nd5 14.Ne4 Rb8 15.Nf6+ Nxf6
16.Qxf6 Rg8 17.Rad1 Bb7 18.Be4 Be7 19.Qf3 Kf8 20.Rd3 Kg7 21.Rfd1 Rgd8 22.Rxd8 Rxd8
23.Rxd8 Bxd8 24.c4 Be7 25.a3 a5 26.c5 Bc8 27.Bxc6 f5 28.gxf5 exf5 29.b4 axb4
30.axb4 f4 31.Bd2 Bxh3 32.b5 g4 33.Qd5 Qa7 34.Bc3 Qxc5 35.Qxe5+ Qxe5 36.Bxe5+ Kg6
37.b6 g3 38.b7 gxf2+ 39.Kxf2 Bc5+ 40.Kf3 Ba7 41.Kxf4 Be6 42.Be8+ Kh7 43.Bc6 Kg6
44.Be8+ Kh7 45.Ke4 Bh3 46.Bh5 Bf1 47.Kf5 Bg2 48.b8=Q Bxb8 49.Bxb8 Bd5 50.Kf6 Kg8
51.Bf4 Bc4  1/2-1/2

[Event "13th Master Open"]
[Site "Voronezh RUS"]
[Date "2009.06.18"]
[Round "7"]
[White "Airapetian,Ta"]
[Black "Gorkavij,V"]
[Result "1-0"]
[WhiteElo "2125"]
[BlackElo "2327"]

1.e4 c5 2.Nf3 d6 3.d4 cxd4 4.Nxd4 Nf6 5.Nc3 a6 6.Be3 Ng4 7.Bg5 h6 8.Bh4 g5
9.Bg3 Bg7 10.h3 Ne5 11.f3 Nbc6 12.Bf2 b5 13.Qd2 Qa5 14.Be2 Nxd4 15.Bxd4 Be6
16.O-O Rc8 17.Kh1 O-O 18.f4 gxf4 19.Rxf4 b4 20.Nd1 Ng6 21.Bxg7 Nxf4 22.Bxf8 Qg5
23.Bxa6 Rxf8 24.Ne3 Nh5 25.Bd3 Ng3+ 26.Kg1 Qh4 27.Nf5 Nxf5 28.exf5 Qd4+ 29.Qf2 Qxb2
30.Re1 Bxa2 31.Rxe7 Qf6 32.Rb7 Bd5 33.Rxb4 Rd8 34.Rd4 Bc6 35.Bc4 Kh8 36.Qh4 Qxh4
37.Rxh4 Kg7 38.Kf2 Rb8 39.Bd3 Rb2 40.Ke3 Rb1 41.Rd4 d5 42.Rh4 Bd7 43.Rd4 Bc6
44.c4 Re1+ 45.Kd2 Re5 46.c5 Bd7 47.Rg4+ Kf6 48.Kc3 Re3 49.Kd4 Rxd3+ 50.Kxd3 Bxf5+
51.Kd4 Bxg4 52.hxg4 Ke6 53.g3 f6 54.g5 fxg5 55.g4 h5 56.gxh5 g4 57.Ke3 Ke5
58.h6 d4+ 59.Kd3  1-0

[Event "Salongernas IM"]
[Site "Stockholm SWE"]
[Date "2009.06.19"]
[Round "3"]
[White "Couso,L"]
[Black "Petkevich,J"]
[Result "1/2-1/2"]
[WhiteElo "2297"]
[BlackElo "2423"]

1.e4 c5 2.Nf3 d6 3.d4 cxd4 4.Nxd4 Nf6 5.Nc3 a6 6.Be3 e6 7.a4 Nc6 8.Be2 Be7
9.O-O O-O 10.f4 Bd7 11.Bf3 Qc7 12.Kh1 Nxd4 13.Qxd4 e5 14.Qd2 exf4 15.Bxf4 Be6
16.Rfd1 Rfd8 17.Qf2 Nd7 18.Bg4 Nf6 19.Bxe6 fxe6 20.Qf3 Re8 21.Rd3 Qc5 22.Rad1 b5
23.Qh3 Bf8 24.e5 dxe5 25.Bg5 Nd5 26.Qf3 Nxc3 27.Rxc3 e4 28.Qg3 Qf5 29.axb5 axb5
30.h3 Rac8 31.Rxc8 Rxc8 32.c3 Rc5 33.Be3 Rd5 34.Ra1 Rd3 35.Qe1 h6 36.Qe2 Bd6
37.Bg1 Bg3 38.Rf1 Qg6 39.Bh2 Bxh2 40.Kxh2 e3 41.Qf3 Kh7 42.Re1 Rd2 43.Rxe3 Rxb2
44.Qc6 Qe8 45.Qc5 Kg8  1/2-1/2

[Event "zt 3.4"]
[Site "Tashkent UZB"]
[Date "2009.06.19"]
[Round "4"]
[White "Dzhumaev,M"]
[Black "Amonatov,F"]
[Result "0-1"]
[WhiteElo "2552"]
[BlackElo "2648"]

1.e4 c5 2.Nf3 d6 3.d4 cxd4 4.Nxd4 Nf6 5.Nc3 a6 6.Be3 e5 7.Nb3 Be6 8.Qd2 Nbd7
9.f3 b5 10.g4 h6 11.h4 Nb6 12.O-O-O Nc4 13.Qe1 Qc7 14.Kb1 Nxe3 15.Qxe3 Rc8
16.Bd3 g6 17.Qd2 h5 18.g5 Nd7 19.Nc1 Qc5 20.Bf1 Nb6 21.a3 Be7 22.Nb3 Qc7
23.f4 exf4 24.Nd4 Bg4 25.Re1 O-O 26.Qxf4 Rfe8 27.Bh3 Bxh3 28.Rxh3 Bf8 29.Rf1 Bg7
30.Rd3 Qe7 31.Qf2 Qb7 32.Qg3 Rxc3 33.bxc3 Nc4 34.Kc1 Qc7 35.Nb3 Be5 36.Qf2 Nxa3
37.Nd2 Re7 38.Nf3 Bxc3 39.Nd4 b4 40.Qe2 Nc4 41.Nb3 a5 42.Rd5 a4 43.Nc5 Nb6
44.Na6 Qc4 45.Qxc4 Nxc4 46.e5 a3 47.Kb1 Ra7 48.Nxb4 Bxb4 49.Ka2 Ne3  0-1

[Event "Open"]
[Site "Albena BUL"]
[Date "2009.06.21"]
[Round "2"]
[White "Nikolov,Sas"]
[Black "Kopasov,E"]
[Result "0-1"]
[WhiteElo "2394"]
[BlackElo "2075"]

1.e4 c5 2.Nf3 d6 3.d4 cxd4 4.Nxd4 Nf6 5.Nc3 a6 6.Be3 e5 7.Nb3 Be6 8.Qd2 Be7
9.f3 O-O 10.O-O-O Qc7 11.g4 Rc8 12.g5 Nh5 13.Kb1 Nd7 14.Bd3 b5 15.Nd5 Bxd5
16.exd5 Nb6 17.Bxb6 Qxb6 18.Na5 Nf4 19.Bf5 Rc5 20.Nc6 Bxg5 21.Be4 a5 22.Rhg1 Bf6
23.Rg4 b4 24.Rdg1 g6 25.h4 h5 26.Rxf4 exf4 27.Bxg6 Rxc6 28.Qg2 Qd4 29.c3 Rxc3
30.bxc3 Qxc3 31.Bxf7+ Kh8 32.Be6 Qa1+ 33.Kc2 Qxa2+ 34.Kd3 Qxg2 35.Rxg2 b3
36.Bf5 a4 37.Kc4 Rb8 38.Rg6 Be5  0-1

[Event "zt 3.4 w"]
[Site "Tashkent UZB"]
[Date "2009.06.22"]
[Round "7"]
[White "Tokhirjanova,H"]
[Black "Sergeyeva,M"]
[Result "0-1"]
[WhiteElo "2137"]
[BlackElo "2377"]

1.e4 c5 2.Nf3 d6 3.d4 cxd4 4.Nxd4 Nf6 5.Nc3 a6 6.Be3 e6 7.g4 h6 8.f3 b5 9.Qd2 b4
10.Nce2 e5 11.Nb3 a5 12.Ng3 a4 13.Nc1 d5 14.exd5 Qxd5 15.Nd3 Bb7 16.Rg1 Nc6
17.Bg2 Nd4 18.Bxd4 Qxd4 19.Ne2 Qd6 20.Qe3 e4 21.O-O-O Be7 22.fxe4 Nxg4 23.Qf3 Ne5
24.Qf5 Nc4 25.e5 Qc7 26.e6 O-O 27.Ne5 Bg5+ 28.Kb1 Nxe5 29.Bxb7 Qxb7 30.Qxe5 Rae8
31.Nd4 fxe6 32.Rgf1 Rxf1 33.Rxf1 Bf6 34.Qh5 Re7 35.Qg4 Qd5 36.Nf3 Qb5 37.Rd1 b3
38.axb3 axb3 39.Nd4 bxc2+ 40.Kxc2 Qc4+ 41.Kb1 Rd7 42.b3 Rxd4  0-1

[Event "King's Gambit B"]
[Site "Lipetsk RUS"]
[Date "2009.06.27"]
[Round "5"]
[White "Rysbayeva,A"]
[Black "Airapetian,Ta"]
[Result "0-1"]
[WhiteElo "2167"]
[BlackElo "2125"]

1.e4 c5 2.Nf3 d6 3.d4 cxd4 4.Nxd4 Nf6 5.Nc3 a6 6.Be3 e6 7.Be2 Be7 8.O-O O-O
9.f4 Nc6 10.Kh1 Qc7 11.Qe1 Nxd4 12.Bxd4 b5 13.a3 Bb7 14.Qg3 g6 15.Bf3 Rad8
16.f5 e5 17.Be3 Kh8 18.Bg5 Ne8 19.fxg6 fxg6 20.Bh6 Ng7 21.h4 d5 22.Bxg7+ Kxg7
23.exd5 Rf4 24.d6 Qxd6 25.Bxb7 Rxh4+ 26.Kg1 Qb6+ 27.Rf2 Rf4 28.Nd5 Rxd5 29.Bxd5 Bh4
30.Qxh4 Rxh4 31.g3 Rh3 32.Rf1 Qe3 33.Bf3 Rxg3+ 34.Kh2 Qf4 35.Bg2 Rf3+ 36.Kg1 Rxf2
37.Rxf2 Qc1+ 38.Bf1 e4 39.c3 e3 40.Rh2 g5 41.a4 h5 42.axb5 axb5 43.b3 h4
44.c4 b4 45.c5 Qxc5 46.Be2 Qc1+ 47.Kg2 Qe1  0-1

[Event "ZMD Open"]
[Site "Dresden GER"]
[Date "2009.07.01"]
[Round "8"]
[White "Kovchan,A"]
[Black "Ghaem Maghami,E"]
[Result "1-0"]
[WhiteElo "2554"]
[BlackElo "2589"]

1.e4 c5 2.Nf3 d6 3.d4 cxd4 4.Nxd4 Nf6 5.Nc3 a6 6.Be3 e5 7.Nb3 Be7 8.Be2 Be6
9.O-O O-O 10.Qd2 Nbd7 11.a4 Rc8 12.a5 Qc7 13.Rfd1 h6 14.h3 Rfd8 15.Qe1 Qc6
16.Bf3 Ra8 17.Nc1 b6 18.Nd3 Qb7 19.axb6 Nxb6 20.Bxb6 Qxb6 21.Nd5 Bxd5 22.exd5 Re8
23.Ra4 a5 24.Rda1 Rac8 25.Qd2 Bd8 26.Re1 Rc7 27.b3 Rce7 28.Be4 Nxe4 29.Raxe4 f5
30.Rc4 e4 31.Nf4 e3 32.fxe3 Rxe3 33.Rxe3 Rxe3 34.Kh1 Bh4 35.Rc8+ Kh7 36.Ne6 g6
37.Rc6 Qa7 38.Rc7+ Qxc7 39.Nxc7 f4 40.g3  1-0

[Event "Brama Lubawska"]
[Site "Lubawka POL"]
[Date "2009.07.02"]
[Round "5"]
[White "Aliavdin,N"]
[Black "Malisauskas,V"]
[Result "1/2-1/2"]
[WhiteElo "2365"]
[BlackElo "2459"]

1.e4 c5 2.Nf3 d6 3.d4 cxd4 4.Nxd4 Nf6 5.Nc3 a6 6.Be3 e6 7.f3 b5 8.Qd2 Bb7
9.g4 h6 10.O-O-O Nbd7 11.h4 b4 12.Na4 d5 13.Bh3 Qa5 14.b3 Nc5 15.g5 Nxa4
16.bxa4 hxg5 17.hxg5 Rxh3 18.Rxh3 Nd7 19.Nb3 Qxa4 20.Kb1 O-O-O 21.Rh8 Be7
22.Rxd8+ Bxd8 23.Nc5 Nxc5 24.Bxc5 Qb5 25.Bf8 g6 26.e5 a5 27.Bd6 Ba6 28.f4 Qa4
29.Qd4 Bc4 30.Qb2 Bb6 31.a3 Be3 32.axb4 axb4 33.Bxb4 Bxf4 34.Bd6 Qa7 35.Qa3 Qxa3
36.Bxa3 Bxe5 37.Rh1 Kd7 38.Rh7 Ke8 39.Bb2 Bf4 40.Rh8+ Kd7 41.Rf8 Bxg5 42.Rxf7+ Kc6
43.Rg7 Be3 44.Rxg6 d4 45.Bc1  1/2-1/2

[Event "37th Greek Teams"]
[Site "Kallithea GRE"]
[Date "2009.07.05"]
[Round "4"]
[White "Kolev,At1"]
[Black "Grigorov,G"]
[Result "1/2-1/2"]
[WhiteElo "2569"]
[BlackElo "2489"]

1.e4 c5 2.Nf3 d6 3.d4 cxd4 4.Nxd4 Nf6 5.Nc3 a6 6.Be3 e6 7.g4 h6 8.Bg2 Nc6
9.h3 Ne5 10.Qe2 g5 11.O-O-O Bd7 12.Nf3 Qa5 13.Nxe5 dxe5 14.h4 Rg8 15.Qf3 Qd8
16.hxg5 hxg5 17.Na4 Rc8 18.Nb6 Rc6 19.Rd2 Rd6 20.Rxd6 Bxd6 21.Nc4 Bc7 22.Rh6 Bb5
23.Na3 Nd7 24.Nxb5 axb5 25.Bf1 b4 26.Bb5 Qe7 27.Qh1 Kd8 28.Rh8 Rxh8 29.Qxh8+ Nf8
30.Qg7 f6 31.Qxe7+ Kxe7 32.Kd2 Bd6 33.Kd3 Ng6 34.c4 bxc3 35.Kxc3 Nh4 36.Be2 Kd7
37.b4 Ng2 38.Bd2 Bc7 39.Bf1 Nh4 40.Be3 Nf3 41.a4 Nd4 42.Bc4 Kc6 43.Kd3 Bd6
44.Bd2 Be7 45.b5+ Kb6 46.a5+ Kc5 47.a6 bxa6 48.bxa6 Kb6 49.Ba5+ Ka7 50.Bc7 Nc6
51.Bxe6 Kxa6 52.Bc8+ Kb5  1/2-1/2

[Event "ch-BEL Expert"]
[Site "Namur BEL"]
[Date "2009.07.05"]
[Round "2"]
[White "Laurent,B"]
[Black "Van der Stricht,G"]
[Result "1/2-1/2"]
[WhiteElo "2339"]
[BlackElo "2390"]

1.e4 c5 2.Nf3 d6 3.d4 cxd4 4.Nxd4 Nf6 5.Nc3 a6 6.Be3 e5 7.Nf3 Be7 8.Bc4 O-O
9.O-O Be6 10.Bb3 Nc6 11.Bg5 Nd7 12.Bxe7 Qxe7 13.Nd5 Bxd5 14.Bxd5 Nf6 15.Re1 Rac8
16.c3 Na5 17.Qd3 Qc7 18.Rad1 b5 19.Nh4 g6 20.Nf3 Rfd8 21.Nd2 Nc4 22.Nxc4 bxc4
23.Qe2 a5 24.Rd2 Kg7 25.Red1 Qc5 26.h3 a4 27.Kh2 h5 28.g3 Rd7 29.Kg2 Re7
30.Rf1 Rcc7 31.Rfd1 Rc8 32.Rf1 Rcc7 33.Rfd1 Re8 34.Rf1 Qb5 35.Rb1 Rc5 36.Rbd1 Re7
37.Qe3 Qb8 38.Qe2 Qc7 39.Qe3 Re8 40.Qe2 Re7 41.Qe3 Re8 42.Qf3 Rb8 43.Qe2 Rbb5
44.Kh2 Ra5 45.a3 Rab5 46.Kg1 Rb8 47.Kh2 Rf8 48.Kg2 Nd7 49.Kh2 Nb6 50.Kg2 Qe7
51.Kh2 h4 52.Kg2 Rh8 53.Qg4 Qd7 54.gxh4 Qxg4+ 55.hxg4 Rxh4 56.Kg3 Rh8 57.g5 Rc7
58.Kg4 Nd7 59.Re1 Rh5 60.Re3 f6 61.gxf6+ Nxf6+ 62.Kf3 Rh3+ 63.Ke2 Rxe3+ 64.Kxe3 Kf8
65.Rd1 Ke7 66.f4 Rc8 67.Rh1 Rc5 68.Rd1 Rc7 69.Rg1 exf4+ 70.Kxf4 Nxd5+ 71.exd5 Kf6
72.Ke4 Rh7 73.Rf1+ Ke7 74.Re1 Kf6 75.Rf1+ Ke7 76.Re1 Kd7 77.Rg1 Rh4+ 78.Ke3 Rh3+
79.Kd4 Rh4+ 80.Ke3 Rh3+ 81.Kd4 Rh4+ 82.Ke3 Rh3+ 83.Kf4 Rh4+ 84.Ke3 Rh3+  1/2-1/2

[Event "Helmut Kohls IM"]
[Site "Dortmund GER"]
[Date "2009.07.06"]
[Round "4"]
[White "Schaefer,Mark"]
[Black "Ringoir,T"]
[Result "1-0"]
[WhiteElo "2378"]
[BlackElo "2406"]

1.e4 c5 2.Nf3 d6 3.d4 cxd4 4.Nxd4 Nf6 5.Nc3 a6 6.Be3 e5 7.Nb3 Be6 8.f4 exf4
9.Bxf4 Nc6 10.Nd4 Nxd4 11.Qxd4 d5 12.O-O-O dxe4 13.Qa4+ Bd7 14.Rxd7  1-0

[Event "37th Greek Teams"]
[Site "Kallithea GRE"]
[Date "2009.07.07"]
[Round "7"]
[White "Zahariev,Z"]
[Black "Georgiev,Kr"]
[Result "0-1"]
[WhiteElo "2399"]
[BlackElo "2430"]

1.e4 c5 2.Nf3 d6 3.d4 Nf6 4.Nc3 cxd4 5.Nxd4 a6 6.Be3 e6 7.g4 b5 8.g5 Nfd7
9.a3 Bb7 10.Qg4 Nc6 11.O-O-O Rc8 12.Nxc6 Rxc6 13.Bd2 Be7 14.f4 O-O 15.h4 Qc7
16.Kb1 Rc8 17.Rh3 Rb6 18.Be3 Nc5 19.Qg1 d5 20.exd5 b4 21.axb4 Rxb4 22.Qf2 Qa5
23.Na2 Ne4 24.Qe1 Bxd5 25.c4 Rcb8 26.Bd4 Qa4 27.Rc1 Rxc4 28.Bxc4 Bxc4 29.Rxc4 Qxc4
30.Be5 Rd8 31.Rh2 Qd3+ 32.Kc1 Bc5 33.Re2 Bf2  0-1

[Event "37th Greek Teams"]
[Site "Kallithea GRE"]
[Date "2009.07.07"]
[Round "7"]
[White "Fakhiridou,E"]
[Black "Papadopoulou,V"]
[Result "1/2-1/2"]
[WhiteElo "2277"]
[BlackElo "2160"]

1.e4 c5 2.Nf3 d6 3.d4 cxd4 4.Nxd4 Nf6 5.Nc3 a6 6.Be3 e5 7.Nb3 Be7 8.Qd2 Be6
9.O-O-O b5 10.f3 Nbd7 11.g4 Nb6 12.g5 Nfd7 13.Nd5 Bxd5 14.exd5 Rc8 15.Na5 Nxd5
16.Qxd5 Qxa5 17.Kb1 Qc7 18.Bd3 Qc6 19.Be4 Qxd5 20.Bxd5 Rc7 21.h4 Rf8 22.Rd3 b4
23.Rc1 Nc5  1/2-1/2

[Event "ch-BEL Expert"]
[Site "Namur BEL"]
[Date "2009.07.07"]
[Round "4"]
[White "Hautot,S"]
[Black "Van der Stricht,G"]
[Result "0-1"]
[WhiteElo "2421"]
[BlackElo "2390"]

1.e4 c5 2.Nf3 d6 3.d4 cxd4 4.Nxd4 Nf6 5.Nc3 a6 6.Be3 e6 7.f3 b5 8.Qd2 Nbd7
9.g4 h6 10.O-O-O b4 11.Na4 d5 12.exd5 Nxd5 13.Bc4 Bb7 14.Rhe1 Be7 15.Nf5 O-O
16.Nxe7+ Qxe7 17.Bxh6 Qf6 18.Bg5 Qxf3 19.Rf1 Qh3 20.Rg1 Ne5 21.Bxd5 Bxd5
22.Rg3 Qh7 23.Nb6 Nf3 24.Qe3 Rac8 25.Nxc8 Rxc8 26.Rg2 Nxg5 27.Qxg5 Qe4 28.Rf2 f6
29.Qd2 b3 30.axb3 Bxb3 31.Qd3 Qa4 32.Re1 Qa1+ 33.Kd2 Qa5+ 34.Kd1 Rd8 35.Qxd8+ Qxd8+
36.Rd2 Bd5 37.Rxe6 Qa5 38.Re3 Qa1+ 39.Ke2 Bc4+ 40.Kf2 Qxb2  0-1

[Event "19th Heart of Finland Open"]
[Site "Jyvaskyla FIN"]
[Date "2009.07.08"]
[Round "3"]
[White "Swinkels,R"]
[Black "Op den Kelder,J"]
[Result "1-0"]
[WhiteElo "2516"]
[BlackElo "2293"]

1.e4 c5 2.Nf3 d6 3.d4 cxd4 4.Nxd4 Nf6 5.Nc3 a6 6.Be3 e6 7.g4 Nc6 8.g5 Nd7
9.h4 Qc7 10.Qd2 Nde5 11.Be2 b5 12.f4 Nc4 13.Bxc4 Nxd4 14.Bxd4 Qxc4 15.O-O-O Bd7
16.Kb1 O-O-O 17.Bb6 Re8 18.Rh3 Kb7 19.Bg1 Qc7 20.h5 Rg8 21.e5 d5 22.Ne2 Be7
23.h6 g6 24.Nc1 Ra8 25.Nb3 b4 26.c3 a5 27.Rc1 Qc4 28.cxb4 Qe4+ 29.Rc2 axb4
30.Bc5 Bd8 31.Bxb4 Bb6 32.Bc5 Rgc8 33.Bxb6 Kxb6 34.Rc3 Ba4 35.Ka1 Rxc3 36.Qxc3 Qc4
37.Qxc4 dxc4 38.Rxc4 Bxb3 39.Rb4+ Kc5 40.Rxb3 Rd8 41.a3 Rd4 42.Rb4 Kd5  1-0

[Event "37th Greek Teams"]
[Site "Kallithea GRE"]
[Date "2009.07.08"]
[Round "8"]
[White "Kalogeris,I"]
[Black "Stathopoulos,I"]
[Result "1-0"]
[WhiteElo "1843"]
[BlackElo "1909"]

1.e4 c5 2.Nf3 d6 3.d4 cxd4 4.Nxd4 Nf6 5.Nc3 a6 6.Be3 e5 7.Nde2 Be7 8.f4 Qc7
9.h3 b5 10.a3 Bb7 11.Ng3 O-O 12.Qd2 Nc6 13.Rd1 Rfd8 14.Nd5 Nxd5 15.exd5 Bh4
16.Qf2 Ne7 17.Bb6 Bxg3 18.Bxc7 Bxf2+ 19.Kxf2 Rd7 20.Ba5 Rc8 21.Bd3 exf4 22.Bd2 Bxd5
23.Bxf4 Rcd8 24.b3 Bc6 25.Rhe1 d5 26.Rd2 h6 27.Rde2 Kf8 28.Bd2 Re8 29.Bb4 Rb7
30.g4 Rd7 31.Ke3 d4+ 32.Kd2 g6 33.Be4 d3 34.cxd3 Bxe4 35.Rxe4 Rc7 36.d4 Rd7
37.Kc2 f5 38.gxf5 gxf5 39.Re6 Rc8+ 40.Kb2 Rcc7 41.Bc5 h5 42.Rxa6 Kf7 43.Rh6 Nc6
44.h4 Kg7 45.Rxh5 Nxd4 46.Bxd4+ Rxd4 47.Rxf5 Rd2+ 48.Kb1 Rcc2 49.Rg1+ Kh7
50.Rh5+  1-0

[Event "ch-SUI"]
[Site "Graechen SUI"]
[Date "2009.07.09"]
[Round "1"]
[White "Heinatz,T"]
[Black "Knobel,M"]
[Result "1-0"]
[WhiteElo "2294"]
[BlackElo "2029"]

1.e4 c5 2.Nf3 d6 3.d4 cxd4 4.Nxd4 Nf6 5.Nc3 a6 6.Be3 e5 7.Nb3 Be6 8.Qd2 Be7
9.f3 d5 10.exd5 Nxd5 11.Nxd5 Qxd5 12.Qxd5 Bxd5 13.O-O-O Bxb3 14.axb3 O-O
15.Bc4 Nc6 16.Rd7 Rab8 17.Bd5 Rfe8 18.Rd1 h6 19.Rxb7 Rxb7 20.Bxc6 Reb8 21.Bxb7 Rxb7
22.Rd5 Rb5 23.Rxb5 axb5 24.c4 bxc4 25.bxc4 Kf8 26.Kc2 Ke8 27.Kc3 Kd7 28.b4 f5
29.c5 f4 30.Bf2 Bf6 31.Kc4 g5 32.Kd5  1-0

[Event "61st ch-MNE"]
[Site "Cetinje MNE"]
[Date "2009.07.10"]
[Round "1"]
[White "Mijovic,S"]
[Black "Benderac,S"]
[Result "1/2-1/2"]
[WhiteElo "2325"]
[BlackElo "2373"]

1.e4 c5 2.Nf3 d6 3.d4 cxd4 4.Nxd4 Nf6 5.Nc3 a6 6.Be3 e5 7.Nb3 Be6 8.f3 Nbd7
9.Qd2 b5 10.a4 b4 11.Nd5 Bxd5 12.exd5 Nb6 13.Bxb6 Qxb6 14.a5 Qb7 15.Bc4 g6
16.Ra4 Rb8 17.Nc1 h5 18.Nd3 Bh6 19.Qe2 O-O 20.Nxb4 Qd7 21.Nc6 Rxb2 22.O-O h4
23.Bb3 h3 24.g3 e4 25.fxe4 Qg4 26.Qxg4 Be3+ 27.Kh1 Nxg4 28.e5 Nf2+ 29.Kg1 dxe5
30.d6 Ne4+ 31.Kh1 Nf2+ 32.Kg1  1/2-1/2

[Event "LTC Open A"]
[Site "Leiden NED"]
[Date "2009.07.10"]
[Round "1"]
[White "Van de Griend,J"]
[Black "Padmini,R"]
[Result "0-1"]
[WhiteElo "1922"]
[BlackElo "2243"]

1.e4 c5 2.Nf3 d6 3.d4 cxd4 4.Nxd4 Nf6 5.Nc3 a6 6.Be3 e5 7.Nb3 Be7 8.Be2 O-O
9.O-O Be6 10.f4 Qc7 11.f5 Bc4 12.Bxc4 Qxc4 13.Nd2 Qc6 14.Qf3 Rd8 15.Nd5 Nxd5
16.exd5 Qxc2 17.f6 Bxf6 18.Ne4 Nd7 19.Nxd6 Qg6 20.Ne4 Rac8 21.Rac1 Be7 22.Rxc8 Rxc8
23.d6 Bxd6 24.Qxf7+ Qxf7 25.Rxf7 Bc5 26.Rxd7 Bxe3+ 27.Kf1 b6 28.Nd6 Rf8+
29.Ke2 Bd4 30.Kd3 Bxb2 31.Nc4 Bd4 32.Re7 Rf2 33.Re8+ Kf7 34.Nd6+ Kg6 35.Re6+ Kh5
36.Ne4 Rxg2 37.Ng3+ Kg5 38.Re7 Kf6  0-1